000
00192 a2200085 4500
020
_a
9781760764531
100
_a
NICK SISSONS
245
_a
GLENN MURCUTT: UNBUILT WORKS
260
_b
THAMES & HUDSON
999
_c
13061
_d
13061